Guess The American Brands! #2 - Statistics

General Stats
  • This quiz has been taken 75 times
  • The average score is 18 of 20
Answer Stats
Picture Answer % Correct
Ford
100%
Shell
100%
Wikipedia
99%
Calvin Klein
97%
Firefox
97%
Chevrolet
96%
Yahoo
96%
Youtube
96%
Levis
94%
Mastercard
91%
Toys R Us
91%
Minute Maid
90%
Walmart
90%
Chrome
87%
Tommy Hilfiger
87%
Jetpunk
84%
Windows
84%
Chevron
70%
Among Us
61%
GMC
54%
No matching quizzes found
Score Distribution
Percent of People with Each Score
Percentile by Number Answered
Your Score History
You have not taken this quiz